Figure out the song-Taylor Swift 1 - Statistics

General Stats
  • This quiz has been taken 1,244 times
  • The average score is 196 of 303
Answer Stats
Answer % Correct
I
99%
i
99%
you
96%
the
95%
me
90%
we
90%
and
87%
be
85%
on
85%
in
83%
it
83%
your
83%
to
82%
my
79%
no
78%
so?
78%
were
78%
of
74%
by
73%
I'm
73%
you're
73%
if
70%
don't
69%
one
69%
been
68%
know
68%
would
68%
have
67%
think
67%
all
66%
but
66%
some
66%
are
65%
at
65%
her
64%
it's
64%
never
64%
for
63%
this
61%
good
59%
saw
59%
time
59%
would've
59%
didn't
58%
had
58%
new
58%
shit
57%
something
57%
yes
57%
doing
56%
now
56%
bus
55%
though
55%
saying
54%
fun
53%
instead
53%
stop
53%
night
52%
thought
51%
came
50%
thing
50%
true
50%
up
50%
well
50%
home
48%
made
48%
should've
48%
wishes
48%
alone
47%
baby
47%
gonna
47%
greatest
47%
pennies
47%
pool
47%
take
47%
none
46%
really
46%
wanted
46%
tossing
45%
with
45%
day
44%
defense
44%
dream
44%
grow
44%
films
43%
own
43%
everything
42%
meet
42%
over
42%
alright
41%
cool
41%
internet
41%
roaring
41%
woman
41%
bleed
40%
could've
40%
enough
40%
guess
40%
loves
40%
each
39%
leaving
39%
showed
39%
Sunday
39%
ask
38%
count
38%
different
38%
hit
38%
making
37%
numbers
37%
running
37%
ground
36%
today?
36%
20s
35%
adventures
35%
resist
35%
another
34%
having
34%
matinée
33%
painted
33%
sweet
32%
temptation
32%
waking
32%
family
30%
persist
30%
chosen
27%
times
25%
grave
20%
digging
19%
Rosé
19%
flowing
17%
(ooh)
15%
No matching quizzes found
Score Distribution
Percent of People with Each Score
Percentile by Number Answered
Your Score History
You have not taken this quiz